Statistics for Closest Cities to Chicago

Click here to take the quiz!

General Stats

  • This quiz has been taken 68 times
  • The average score is 13 of 20

Answer Stats

kmCitymi% Correct
266Indianapolis165
96%
131Milwaukee82
96%
381Detroit237
89%
495Cleveland308
84%
424St. Louis263
84%
406Cincinnati253
80%
444Columbus276
78%
499Des Moines310
73%
196Madison122
73%
201Grand Rapids125
67%
435Louisville270
64%
224Fort Wayne139
62%
59Aurora37
56%
341Toledo212
55%
558Saint Paul347
53%
129Rockford80
51%
504Lexington313
49%
517Akron321
47%
384Windsor238
25%
540London335
22%

Score Distribution

Percentile by Number Answered

Percent of People with Each Score

Your Score History

You have not taken this quiz